000 00515nam a2200181Ia 4500
999 _c35045
_d35045
003 OSt
005 20201228143912.0
008 190216s9999||||xx |||||||||||||| ||und||
020 _a9789383756698
040 _coclc
082 _a700
_bJAY/J
100 _aJayakumar, K P
_97930
245 0 _aJathivyavasthayum Malayala Cinimayum /
_cK P Jayakumar
260 _bOlive Publications,
_c2014.
_aKozhikode:
300 _a162p
650 _aPolitics
942 _cBK
_2ddc
_h700
_iJAY/J
_k700
_mJAY/J